Pediatric Dentistry : (Record no. 36765)

MARC details
000 -LEADER
fixed length control field 00577nam a22001817a 4500
005 - DATE AND TIME OF LATEST TRANSACTION
control field 20241122093149.0
008 - FIXED-LENGTH DATA ELEMENTS--GENERAL INFORMATION
fixed length control field 241106b |||||||| |||| 00| 0 eng d
020 ## - INTERNATIONAL STANDARD BOOK NUMBER
ISBN 978-1118913499
082 ## - DEWEY DECIMAL CLASSIFICATION NUMBER
Classification number 617.0083
Item number PED
245 ## - TITLE STATEMENT
Title Pediatric Dentistry :
Remainder of title a clinical approach /
Statement of responsibility, etc. Edited by Goran Koch ; Sven Poulsen ; Ivar Espelid ; Dorte Haubek
250 ## - EDITION STATEMENT
Edition statement 3rd ed.
260 ## - PUBLICATION, DISTRIBUTION, ETC.
Place of Publication India :
Name of publisher, distributor, etc. Wiley Blackwell ;
Date of publication, distribution, etc. 2017 .
300 ## - PHYSICAL DESCRIPTION
Pages xiii, 390 p. :
500 ## - GENERAL NOTE
General note Include Index.
650 ## - SUBJECT ADDED ENTRY--TOPICAL TERM
Subject / Department Medical / Dentistry
700 ## - ADDED ENTRY--PERSONAL NAME
Personal name Poulsen, Sven (Editor)
300 ## - PHYSICAL DESCRIPTION
-- ill. ;
-- 28 cm.
952 ## - LOCATION AND ITEM INFORMATION (KOHA)
-- 0
-- 0
952 ## - LOCATION AND ITEM INFORMATION (KOHA)
-- 0
-- 0
Holdings
Lost status Damaged status Collection code Permanent Location Current Location Shelving Location Date acquired Full Call Number Accession No./Barcode Date last seen Copy number item type Koha item type
    Medical Superior Information Resource Center (SIRC) Superior University- Central Library Superior Information Resource Center (SIRC) Superior University- Central Library Dentistry 11/22/2024 617.0083 PED 2017 29767 11/22/2024 1 BOOK BOOK
    Medical Superior Information Resource Center (SIRC) Superior University- Central Library Superior Information Resource Center (SIRC) Superior University- Central Library Dentistry 11/22/2024 617.0083 PED 2017 29768 11/22/2024 2 BOOK BOOK

Powered by Koha